Investigación educativa /

Detalles Bibliográficos
Autor principal: Restrepo Gómez, Bernardo (Autor)
Formato: Electrónico eBook
Lenguaje:español
Publicado: Bogotá : Ediciones Universidad Cooperativa de Colombia, [2023]
Colección:Colección investigación general.
Materias:
Acceso en línea:Digitalia Hispánica

MARC

LEADER 00000nam a2200000Ii 4500
001 DIGUCOCOL0114
003 NyNyDIG
006 m o d
007 cr |||||||||||
008 240215s2023 ck ob 000 0 spa d
035 |a (OCoLC)1419871855 
040 |a DGITA  |b eng  |e rda  |e pn  |c DGITA 
020 |a 9789587604399  |q pdf 
020 |a 9789587604405  |q ePub 
020 |z 9789587604382  |q impreso 
041 0 |a spa  |b spa  |b eng 
050 1 4 |a LB1028 ebook 
100 1 |a Restrepo Gómez, Bernardo,  |e author. 
245 1 0 |a Investigación educativa /  |c Bernardo Restrepo. 
264 1 |a Bogotá :  |b Ediciones Universidad Cooperativa de Colombia,  |c [2023] 
300 |a 1 online resource. 
336 |a text  |b txt  |2 rdacontent 
337 |a computer  |b c  |2 rdamedia 
338 |a online resource  |b cr  |2 rdacarrier 
347 |a text file  |2 rdaft 
347 |b PDF 
490 1 |a Colección general de investigación 
504 |a Includes bibliographical references. 
546 |a Text in Spanish with abstract in Spanish and English. 
588 0 |a Online resource; title from PDF title page (Digitalia, viewed February 15, 2024) 
650 0 |a Education  |x Research. 
650 0 |a Research  |x Methodology. 
776 0 8 |i Print version:  |a Restrepo Gómez, Bernardo.  |t Investigación educativa.  |d Bogotá : Ediciones Universidad Cooperativa de Colombia, [2023]  |z 9789587604382 
791 2 |a Digitalia (Firm),  |e distributor. 
793 0 |g Digitalia eBook Collection:  |a Ediciones Universidad Cooperativa de Colombia 
830 0 |a Colección investigación general. 
856 4 0 |3 Digitalia Hispánica  |u https://www.digitaliapublishing.com/a/133329/ 
910 |a Premium collection: 2024